[Event "18e open International de Saint Affrique"]
[Site "Saint Affrique"]
[Date "2010.07.24"]
[Round "1.1"]
[White "Boulier, Rene"]
[Black "Degraeve, Jean-Marc"]
[Result "0-1"]
[WhiteElo "1818"]
[BlackElo "2569"]
[PlyCount "104"]
[EventDate "2010.??.??"]

1. e4 Nf6 2. Nc3 e5 3. Bc4 Nxe4 4. Bxf7+ Kxf7 5. Nxe4 d5 6. Ng3 Nc6 7. d3 Be7
8. c3 Rf8 9. Nf3 Kg8 10. h3 h6 11. O-O Bd6 12. Nh2 Ne7 13. Qh5 Nf5 14. Nxf5
Bxf5 15. Ng4 Qe8 16. Qxe8 Raxe8 17. Rd1 c6 18. Be3 c5 19. f3 d4 20. Bc1 c4 21.
dxc4 e4 22. cxd4 Bxg4 23. fxg4 e3 24. Re1 e2 25. Bd2 Bg3 26. Rec1 Bf2+ 27. Kh2
Bxd4 28. Bc3 Bf2 29. Be1 Be3 30. Rcb1 Rf1 31. g3 Ref8 32. h4 R8f3 33. Kg2 Bd4
34. g5 h5 35. a4 Rb3 36. g6 Rb6 37. Ra3 Rxg6 38. Rf3 Rf6 39. Rxf6 gxf6 40. b4
Bc3 41. Bxc3 Rxb1 42. Kf2 Rb3 43. Be1 Rb2 44. Bc3 Rc2 45. Be1 Rxc4 46. Kxe2 a6
47. a5 Kf7 48. Kd3 Rg4 49. Ke3 Ke6 50. Kf3 Kd5 51. Bc3 f5 52. Be1 Kc4 0-1

[Event "18e open International de Saint Affrique"]
[Site "Saint Affrique"]
[Date "2010.07.24"]
[Round "1.2"]
[White "Gozzoli, Yannick"]
[Black "Doucet, Antoine"]
[Result "1-0"]
[WhiteElo "2520"]
[BlackElo "1809"]
[PlyCount "51"]
[EventDate "2010.??.??"]

1. d4 d5 2. Nf3 Nf6 3. c4 e6 4. Nc3 c6 5. Bg5 Be7 6. e3 Nbd7 7. Bd3 dxc4 8.
Bxc4 b5 9. Bd3 Bb7 10. O-O a6 11. Bxf6 Nxf6 12. Rc1 O-O 13. Ne4 Nxe4 14. Bxe4
Rc8 15. Ne5 Bd6 16. f4 Bxe5 17. fxe5 Qb6 18. b4 h6 19. Qh5 Qd8 20. h4 Rc7 21.
Rc5 Qe8 22. Rf6 Qe7 23. Qg4 Kh8 24. Qf4 g6 25. Qxh6+ Kg8 26. h5 1-0

[Event "18e open International de Saint Affrique"]
[Site "Saint Affrique"]
[Date "2010.07.25"]
[Round "1.3"]
[White "Colandrea, Sauveur"]
[Black "Flear, Glenn C"]
[Result "0-1"]
[WhiteElo "1808"]
[BlackElo "2510"]
[PlyCount "60"]
[EventDate "2010.??.??"]

1. e4 e5 2. Nf3 Nc6 3. d4 exd4 4. Nxd4 Bc5 5. Be3 Qf6 6. c3 Nge7 7. Bc4 O-O 8.
O-O a6 9. a4 b6 10. f4 d5 11. exd5 Nxd4 12. Bxd4 Bxd4+ 13. Qxd4 Qxd4+ 14. cxd4
Rd8 15. Nc3 Bb7 16. d6 Rxd6 17. d5 Nxd5 18. Nxd5 Bxd5 19. Rac1 Bxc4 20. Rxc4 c6
21. Rfc1 Rc8 22. b4 g6 23. b5 axb5 24. Rb4 Rcd8 25. axb5 Rd1+ 26. Rxd1 Rxd1+
27. Kf2 c5 28. Rb2 f5 29. Kg3 Kg7 30. Kh4 Rd4 0-1

[Event "18e open International de Saint Affrique"]
[Site "Saint Affrique"]
[Date "2010.07.24"]
[Round "1.4"]
[White "Petkov, Vladimir"]
[Black "Duff, Rufus"]
[Result "1-0"]
[WhiteElo "2496"]
[BlackElo "1804"]
[PlyCount "79"]
[EventDate "2010.??.??"]

1. Nf3 d5 2. c4 e6 3. d4 Nf6 4. g3 Nbd7 5. Nbd2 Be7 6. Bg2 O-O 7. O-O c6 8. Qc2
Qc7 9. b3 e5 10. cxd5 Nxd5 11. Bb2 exd4 12. Nxd4 N7f6 13. e4 Nb4 14. Qc4 b6 15.
Rfc1 Ba6 16. Qc3 Nd3 17. Bf1 Bb4 18. Qc2 Bxd2 19. Qxd2 Nxe4 20. Qe3 Nec5 21.
Bxd3 Nxd3 22. Nxc6 Rfe8 23. Qd4 Nxb2 24. Qxb2 Qd7 25. Qd4 Qh3 26. Rc3 Bb7 27.
g4 Qh4 28. Qf4 Rac8 29. Ne5 Qe7 30. Re3 Qc7 31. Rae1 f6 32. Qc4+ Qxc4 33. Nxc4
Rxe3 34. Nxe3 Re8 35. Rd1 g6 36. Rd7 Bf3 37. h4 a5 38. Kh2 h5 39. gxh5 Bxh5 40.
Rd6 1-0

[Event "18e open International de Saint Affrique"]
[Site "Saint Affrique"]
[Date "2010.07.24"]
[Round "1.5"]
[White "Petitcolas, Bernard"]
[Black "Le Roux, Jean-Pierre"]
[Result "0-1"]
[WhiteElo "1800"]
[BlackElo "2495"]
[PlyCount "52"]
[EventDate "2010.??.??"]

1. Nf3 Nf6 2. g3 c5 3. Bg2 g6 4. O-O Bg7 5. c4 O-O 6. Nc3 d5 7. cxd5 Nxd5 8.
Qb3 Nb6 9. d3 Nc6 10. Be3 Nd4 11. Qd1 Bg4 12. Nd2 Qd7 13. Re1 Rac8 14. Rc1 Nf5
15. Nce4 Nxe3 16. fxe3 Nd5 17. Nxc5 {#} 17... Rxc5 18. Rxc5 Nxe3 19. Qc1 Bd4
20. Nb3 Nxg2+ 21. Nxd4 Nxe1 22. Qf4 Bxe2 23. Nxe2 Nxd3 24. Rc7 Nxf4 25. Rxd7
Nxe2+ 26. Kf2 Nc1 0-1

[Event "18e open International de Saint Affrique"]
[Site "Saint Affrique"]
[Date "2010.07.24"]
[Round "1.6"]
[White "Libiszewski, Fabien"]
[Black "Meunier, Clement"]
[Result "1-0"]
[WhiteElo "2488"]
[BlackElo "1799"]
[PlyCount "101"]
[EventDate "2010.??.??"]

1. e4 c6 2. Ne2 d5 3. e5 Bg4 4. h3 Bf5 5. Ng3 Bg6 6. h4 h6 7. h5 Bh7 8. e6 Nf6
9. d4 Qc8 10. exf7+ Kxf7 11. Bd3 Bxd3 12. Qxd3 Qe6+ 13. Be3 Ne4 14. Nxe4 dxe4
15. Qb3 Qxb3 16. axb3 Nd7 17. Nd2 Nf6 18. Rh4 e6 19. Nxe4 Be7 20. Nxf6 Bxf6 21.
Re4 Rhe8 22. Bf4 a6 23. Be5 Rad8 24. O-O-O Bxe5 25. dxe5 Rd5 26. c4 Rxd1+ 27.
Kxd1 c5 28. Re2 g6 29. Rd2 gxh5 30. Rd7+ Re7 31. Rxe7+ Kxe7 32. Ke2 Kf7 33. Ke3
b5 34. cxb5 axb5 35. b4 cxb4 36. b3 Kg6 37. Kf4 Kf7 38. Kg3 Kg7 39. Kh4 Kg6 40.
g3 Kf5 41. Kxh5 Kxe5 42. Kxh6 Kd4 43. g4 Kc3 44. g5 Kxb3 45. g6 Ka3 46. g7 b3
47. g8=Q b2 48. Qg6 Ka2 49. Qxe6+ Ka3 50. Qa6+ Kb4 51. Qa2 1-0

[Event "18e open International de Saint Affrique"]
[Site "Saint Affrique"]
[Date "2010.07.24"]
[Round "1.7"]
[White "Schegerin, Andre"]
[Black "Karpatchev, Aleksandr"]
[Result "1/2-1/2"]
[WhiteElo "1787"]
[BlackElo "2476"]
[PlyCount "206"]
[EventDate "2010.??.??"]

1. Nf3 d5 2. c4 dxc4 3. Na3 a6 4. Nxc4 b5 5. Na3 Bb7 6. d4 Nf6 7. e3 e6 8. Nc2
Nbd7 9. Be2 Bd6 10. Bd2 O-O 11. O-O Qe7 12. Bd3 c5 13. Bc3 Rfd8 14. Ba5 Rdc8
15. dxc5 Nxc5 16. Ncd4 g6 17. Be2 e5 18. Nc2 Be4 19. Nfe1 Na4 20. Rb1 Ra7 21.
Bf3 Rd7 22. Qe2 h5 23. Bxe4 Nxe4 24. Nf3 Bb8 25. Rfd1 Rxd1+ 26. Qxd1 Qc5 27.
Nfe1 Bc7 28. Bxc7 Qxc7 29. Qd5 Nf6 30. Qf3 Ng4 31. g3 Qe7 32. h3 Nf6 33. Kg2
Kg7 34. a3 Qe6 35. Nb4 a5 36. Nbc2 Qa2 37. Rd1 Nxb2 38. Rd6 Ne8 39. Rc6 Rd8 40.
Rc5 Qb3 41. Qc6 b4 42. axb4 a4 43. Rxe5 Nf6 44. Nd4 Qxb4 45. Nec2 Qd2 46. Re7
Nd3 47. Qf3 Rxd4 48. exd4 Qxc2 49. g4 hxg4 50. hxg4 Qd2 51. Qe3 Qb4 52. Ra7 {#}
52... Ne1+ 53. Kh3 Nc2 54. Qf4 Qb3+ 55. Kh2 Nxd4 56. g5 Nf3+ 57. Kg2 Nxg5 58.
Qxg5 Qe6 59. Qe3 Qc6+ 60. Kf1 Ne4 61. Qd4+ Kh6 62. Rxa4 Qc1+ 63. Kg2 Qg5+ 64.
Kf1 Qc1+ 65. Kg2 Qg5+ 66. Kf1 Qb5+ 67. Kg2 f5 68. Qe3+ g5 69. Ra7 Kg6 70. Qa3
Nf6 71. Ra6 Qd5+ 72. Kf1 g4 73. Qa2 Qh1+ 74. Ke2 Kg5 75. Qd2+ Kg6 76. Qa2 Qe4+
77. Kf1 Qd3+ 78. Ke1 Qe4+ 79. Kf1 Kg5 80. Qd2+ f4 81. Qa5+ Kg6 82. Qa4 Qh1+ 83.
Ke2 f3+ 84. Kd2 Qh6+ 85. Kd1 Qh4 86. Qe4+ Kg7 87. Qd4 Qg5 88. Ra7+ Kg6 89. Ra6
Qf5 90. Rb6 Kg7 91. Ke1 Kg6 92. Kd1 Kg7 93. Ke1 Qg5 94. Kd1 Qf5 95. Ke1 Qa5+
96. Kd1 Qg5 97. Rb7+ Kh6 98. Rb6 Kg6 99. Qe4+ Kh5 100. Qd4 Kg6 101. Qe4+ Kh5
102. Qd4 Kg6 103. Qe4+ Kh5 1/2-1/2

[Event "18e open International de Saint Affrique"]
[Site "Saint Affrique"]
[Date "2010.07.24"]
[Round "1.8"]
[White "Colin, Vincent"]
[Black "Loysel, Yves"]
[Result "1-0"]
[WhiteElo "2425"]
[BlackElo "1782"]
[PlyCount "83"]
[EventDate "2010.??.??"]

1. e4 c5 2. c3 d5 3. exd5 Qxd5 4. d4 Nc6 5. Nf3 cxd4 6. cxd4 Bg4 7. Be2 Rd8 8.
Nc3 Qa5 9. O-O e5 10. Nxe5 Bxe2 11. Nxc6 Qa6 12. Re1 Qxc6 13. Rxe2+ Be7 14. d5
Qd7 15. Bf4 Kf8 16. Qb3 Nf6 17. d6 Bxd6 18. Rd1 Bxf4 19. Rxd7 Rxd7 20. Qa3+ Bd6
21. Qxa7 g6 22. g3 Kg7 23. Ne4 Bb8 24. Qa4 Rhd8 25. Nxf6 Kxf6 26. Kg2 h5 27.
Qb5 h4 28. gxh4 Rd4 29. Qg5+ Kg7 30. Re4 R4d5 31. Qe3 Rd3 32. Qb6 R8d7 33. h5
R3d6 34. Qa5 Rd5 35. Qa8 Rg5+ 36. Kf1 Bxh2 37. h6+ Kh7 38. Qf8 f5 39. Re8 Rg1+
40. Ke2 Be5 41. Rxe5 Rgd1 42. Re8 1-0

[Event "18e open International de Saint Affrique"]
[Site "Saint Affrique"]
[Date "2010.07.24"]
[Round "1.9"]
[White "Thinon, Lucas"]
[Black "Bedouin, Xavier"]
[Result "0-1"]
[WhiteElo "1777"]
[BlackElo "2403"]
[PlyCount "66"]
[EventDate "2010.??.??"]

1. d4 Nf6 2. Bf4 g6 3. e3 Bg7 4. Be2 d6 5. Nf3 O-O 6. O-O Nc6 7. c4 Nh5 8. Bg5
h6 9. Bh4 g5 10. Nfd2 Nf4 11. exf4 gxh4 12. Nf3 h3 13. g3 e5 14. fxe5 dxe5 15.
dxe5 Nxe5 16. Nc3 c6 17. Qc2 Nxf3+ 18. Bxf3 Qf6 19. Be4 Bg4 20. f3 Be6 21. Bd3
Bxc4 22. Kh1 Bxd3 23. Qxd3 Rad8 24. Qc2 Rfe8 25. Rf2 Re3 26. Ne4 Qf5 27. Raf1
h5 28. Qc4 Bd4 29. Qb4 Rd7 30. Nd6 Qc5 31. Qxc5 Bxc5 32. Nc4 Red3 33. Re2 Rxf3
0-1

[Event "18e open International de Saint Affrique"]
[Site "Saint Affrique"]
[Date "2010.07.24"]
[Round "1.10"]
[White "Lejarre, Ludovic"]
[Black "Pichard, Jean-Marc"]
[Result "1-0"]
[WhiteElo "2385"]
[BlackElo "1775"]
[PlyCount "51"]
[EventDate "2010.??.??"]

1. e4 c6 2. c4 d6 3. d4 Nd7 4. f4 Qc7 5. Nf3 e5 6. Nc3 Ngf6 7. Be2 Be7 8. O-O
O-O 9. Kh1 Re8 10. Qc2 Bf8 11. fxe5 dxe5 12. d5 a5 13. Bg5 Be7 14. Rad1 Qb8 15.
Na4 Ng4 16. Bxe7 Ne3 17. Qc1 Nxf1 18. d6 Nxh2 19. Nxh2 b5 20. cxb5 cxb5 21. Nc3
Ba6 22. Nd5 Ra7 23. Ng4 Kh8 24. Qg5 Rc8 25. Rd3 Rc2 26. Rh3 1-0

[Event "18e open International de Saint Affrique"]
[Site "Saint Affrique"]
[Date "2010.07.24"]
[Round "1.31"]
[White "Vignette, Jeanne"]
[Black "Demanghon, Jonathan"]
[Result "1-0"]
[WhiteElo "1656"]
[BlackElo "2183"]
[PlyCount "51"]
[EventDate "2010.??.??"]

1. e4 e6 2. d4 d5 3. Nd2 Nf6 4. e5 Nfd7 5. f4 c5 6. c3 Nc6 7. Ndf3 Qb6 8. Ne2
Be7 9. Qc2 f6 10. Be3 cxd4 11. exf6 gxf6 12. Nexd4 Nc5 13. Nxc6 Qxc6 14. Nd4
Qc7 15. Be2 Bd7 16. Bh5+ Kd8 17. O-O b6 18. Bf7 Qd6 19. c4 Rf8 20. Qxh7 dxc4
21. Rad1 Nd3 22. b3 Nb2 {#} 23. Nxe6+ Bxe6 24. Rxd6+ Bxd6 25. Bxe6 Be7 26. Qc2
1-0

[Event "18e open International de Saint Affrique"]
[Site "Saint Affrique"]
[Date "2010.07.24"]
[Round "1.79"]
[White "Degraeve, Remy"]
[Black "Chitrit, Norbert"]
[Result "1-0"]
[WhiteElo "1320"]
[BlackElo "1941"]
[PlyCount "59"]
[EventDate "2010.??.??"]

1. e4 e5 2. Nf3 Nc6 3. Bc4 Nf6 4. Nc3 Be7 5. O-O O-O 6. d3 d6 7. Be3 Na5 8. Bb5
c6 9. Bc4 b5 10. Bb3 Ng4 11. h3 Nxe3 12. fxe3 Nxb3 13. axb3 Qb6 14. d4 exd4 15.
exd4 f5 16. e5 dxe5 17. Nxe5 Bf6 18. Re1 Rd8 19. Kh1 Rxd4 20. Qh5 g6 21. Nxg6
Qd8 22. Ne5 Qf8 23. Nxc6 Rh4 24. Qf3 Bd7 25. Qd5+ Qf7 26. Ne7+ Bxe7 27. Qxa8+
Kg7 28. Rxa7 Bd6 29. Qd8 Rxh3+ 30. gxh3 1-0

[Event "18e open International de Saint Affrique"]
[Site "Saint Affrique"]
[Date "2010.07.25"]
[Round "2.1"]
[White "Degraeve, Jean-Marc"]
[Black "Aiglon, Laurent"]
[Result "1-0"]
[WhiteElo "2569"]
[BlackElo "2078"]
[PlyCount "51"]
[EventDate "2010.??.??"]

1. e4 c5 2. Nc3 Nc6 3. Bb5 e6 4. Bxc6 dxc6 5. f4 Nf6 6. Nf3 Be7 7. d3 O-O 8.
Qe2 Qc7 9. O-O b5 10. e5 Nd5 11. Ne4 Rd8 12. c4 Nb4 13. Nf2 a5 14. a3 Na6 15.
Be3 Rb8 16. Rac1 b4 17. a4 b3 18. Rc3 Rb4 19. Ra1 Nb8 20. Ra3 Qb6 21. Rc1 Ba6
22. Bd2 Nd7 23. Raa1 Qa7 24. Ne4 f5 25. exf6 Nxf6 26. Neg5 1-0

[Event "18e open International de Saint Affrique"]
[Site "Saint Affrique"]
[Date "2010.07.25"]
[Round "2.2"]
[White "Tesan, Michael"]
[Black "Gozzoli, Yannick"]
[Result "0-1"]
[WhiteElo "2080"]
[BlackElo "2520"]
[PlyCount "136"]
[EventDate "2010.??.??"]

1. d4 Nf6 2. Nf3 d5 3. c4 c6 4. cxd5 cxd5 5. Nc3 Nc6 6. Bf4 a6 7. Rc1 e6 8. e3
Nh5 9. Bg5 Qb6 10. Ne5 Nf6 11. Nxc6 bxc6 12. Bd3 c5 13. dxc5 Bxc5 14. O-O Be7
15. Na4 Qa5 16. Bf4 Bd7 17. b3 O-O 18. Bc7 Qb4 19. Nb6 Ra7 20. Nxd7 Nxd7 21.
Bb1 g6 22. Qe2 a5 23. Rfd1 a4 24. bxa4 Qxa4 25. e4 d4 26. Bd3 Qxa2 27. Qxa2
Rxa2 28. Bb5 Nc5 29. Bc4 Ra4 30. e5 Rc8 31. Bd6 Bxd6 32. exd6 Ra5 33. Rb1 Rd8
34. Rxd4 Ra4 35. Rbd1 e5 36. Rg4 Kg7 37. Be2 Ra2 38. Kf1 e4 39. Rg3 Rc2 40. Ra3
Ne6 41. f3 Nf4 42. Re3 Nxe2 43. Rxe2 Rxe2 44. Kxe2 exf3+ 45. Kxf3 Kf6 46. h4
Ke6 47. Re1+ Kxd6 48. g4 Ra8 49. g5 Ra4 50. Kg3 Kd7 51. Re3 Ra8 52. h5 Ra5 53.
Kf4 gxh5 54. Re2 h4 55. Kg4 Ra4+ 56. Kh5 h3 57. Rh2 Ra3 58. Re2 Rg3 59. Kh6 Rg2
60. Re3 h2 61. Rh3 Ke6 62. Kxh7 Kf5 63. Kg7 Kxg5 64. Kxf7 Kg4 65. Rh6 Kg3 66.
Ke6 Rg1 67. Rg6+ Kf3 68. Rf6+ Ke3 0-1

[Event "18e open International de Saint Affrique"]
[Site "Saint Affrique"]
[Date "2010.07.25"]
[Round "2.3"]
[White "Flear, Glenn C"]
[Black "Carre, Sylvain"]
[Result "1/2-1/2"]
[WhiteElo "2510"]
[BlackElo "2070"]
[PlyCount "135"]
[EventDate "2010.??.??"]

1. d4 d5 2. c4 c6 3. Nc3 dxc4 4. e4 b5 5. a4 b4 6. Na2 Nf6 7. e5 Nd5 8. Bxc4 e6
9. Nf3 a5 10. O-O Ba6 11. Bg5 Qb6 12. Qe2 h6 13. Bd2 Nd7 14. Nc1 Bxc4 15. Qxc4
c5 16. Nb3 Be7 17. dxc5 Nxc5 18. Nxc5 Qxc5 19. Qg4 g6 20. Rac1 Qb6 21. Rc4 h5
22. Qe4 O-O 23. Rfc1 Qb7 24. Nd4 Qd7 25. Rc6 Rfc8 26. h3 Rxc6 27. Rxc6 Rc8 28.
Qc2 Rxc6 29. Qxc6 Qd8 30. g3 Nb6 31. Be3 Nd5 32. Bd2 Nb6 33. Nf3 Qa8 34. Qxa8+
Nxa8 35. Nd4 Bd8 36. Nc6 Bb6 37. b3 Kf8 38. Be3 Ke8 39. Bxb6 Nxb6 40. Nxa5 Kd7
41. h4 Kc7 42. Kf1 Nd7 43. f4 Nc5 44. Ke2 Ne4 45. Kf3 Nd2+ 46. Ke3 Nf1+ 47. Kd3
Nxg3 48. Nc4 Nf5 49. Nd6 Nxh4 50. Nxf7 Ng2 51. Ng5 Nxf4+ 52. Ke4 Ne2 53. Nxe6+
Kc8 54. Nd4 Nc3+ 55. Kf4 h4 56. Kg4 g5 57. a5 Kb7 58. e6 Ka6 59. e7 Nd5 60.
e8=N Kxa5 61. Nd6 Ne3+ 62. Kxg5 h3 63. Ne4 h2 64. Nf2 Nf1 65. Kf4 Nd2 66. Ke3
Nxb3 67. Nxb3+ Ka4 68. Nd4 {#} 1/2-1/2

[Event "18e open International de Saint Affrique"]
[Site "Saint Affrique"]
[Date "2010.07.25"]
[Round "2.4"]
[White "Lecoq, Julien"]
[Black "Petkov, Vladimir"]
[Result "0-1"]
[WhiteElo "2077"]
[BlackElo "2496"]
[PlyCount "66"]
[EventDate "2010.??.??"]

1. e4 c5 2. Nf3 d6 3. d4 cxd4 4. Nxd4 Nf6 5. Nc3 Nc6 6. Be2 e5 7. Nb3 Be7 8.
O-O O-O 9. f4 a5 10. a4 Nb4 11. Kh1 Bd7 12. Be3 Qc7 13. Bd3 Bc6 14. Qe1 Ng4 15.
Bg1 exf4 16. Rxf4 Ne5 17. Rd1 d5 18. Rf1 Nbxd3 19. cxd3 dxe4 20. dxe4 Bb4 21.
Qg3 Bxc3 22. Qxc3 Rfc8 23. Rc1 f6 24. Nd4 Qf7 25. Nxc6 Rxc6 26. Qd4 Re8 27.
Rxc6 Nxc6 28. Qd5 Re5 29. Qd3 Qe6 30. Re1 Nb4 31. Qd8+ Qe8 32. Qb6 Qd7 33. Bd4
Re6 0-1

[Event "18e open International de Saint Affrique"]
[Site "Saint Affrique"]
[Date "2010.07.25"]
[Round "2.5"]
[White "Le Roux, Jean-Pierre"]
[Black "Hegarty, Sarah N"]
[Result "1-0"]
[WhiteElo "2495"]
[BlackElo "2057"]
[PlyCount "89"]
[EventDate "2010.??.??"]

1. Nf3 Nf6 2. c4 g6 3. Nc3 d5 4. cxd5 Nxd5 5. g3 Bg7 6. Bg2 O-O 7. O-O Nc6 8.
d4 Nb6 9. e3 Bg4 10. h3 Bxf3 11. Bxf3 e5 12. d5 Ne7 13. e4 Qd7 14. Kg2 Rad8 15.
Qb3 c6 16. Bg5 h6 17. dxc6 bxc6 18. Be3 Rb8 19. Bc5 Rfe8 20. Rac1 Qb7 21. Rfd1
Nbc8 22. Qxb7 Rxb7 23. Na4 Bf6 24. Ba3 Nb6 25. Nc5 Rc7 26. b3 Bg5 27. Rc3 h5
28. Be2 Rcc8 29. h4 Bf6 30. Nb7 Rb8 31. Na5 Kg7 32. Ba6 Rbd8 33. Rcd3 Rxd3 34.
Rxd3 Rb8 35. Bxe7 Bxe7 36. Nxc6 Re8 37. a4 Bf8 38. a5 Nc8 39. Rd7 Re6 {#} 40.
Bc4 Rxc6 41. Rxf7+ Kg8 42. Rc7+ Rxc4 43. bxc4 Nd6 44. a6 Nxe4 45. Rxa7 1-0

[Event "18e open International de Saint Affrique"]
[Site "Saint Affrique"]
[Date "2010.07.25"]
[Round "2.6"]
[White "Morais, Mario"]
[Black "Libiszewski, Fabien"]
[Result "0-1"]
[WhiteElo "2065"]
[BlackElo "2488"]
[PlyCount "102"]
[EventDate "2010.??.??"]

1. d4 e6 2. Nf3 Nf6 3. Bf4 c5 4. c3 b6 5. e3 Bb7 6. Bd3 Be7 7. h3 Nc6 8. O-O
O-O 9. Nbd2 d6 10. Qe2 Rc8 11. Rad1 Rc7 12. Bb1 cxd4 13. exd4 Qa8 14. Rfe1 Nb8
15. Ne4 Nxe4 16. Bxe4 Bxe4 17. Qxe4 Qxe4 18. Rxe4 Nd7 19. Bg5 Bxg5 20. Nxg5 h6
21. Nf3 b5 22. Ne1 Rb8 23. Nd3 a5 24. Kf1 Kf8 25. f4 Nf6 26. Re2 Nd5 27. a3 Rc4
28. Kf2 b4 29. axb4 axb4 30. Nxb4 Nxb4 31. cxb4 Rbxb4 32. Red2 Rb3 33. Re1 Rcb4
34. Ree2 g5 35. fxg5 hxg5 36. g3 Ke7 37. Kg2 f5 38. Rf2 Kf6 39. h4 gxh4 40.
gxh4 Re3 41. Rf4 Kg6 42. Kh2 Rbb3 43. Rdf2 Rh3+ 44. Kg2 Rbg3+ 45. Kf1 Rh1+ 46.
Ke2 Rb1 47. R2f3 Rxb2+ 48. Kf1 Rxf3+ 49. Rxf3 Rh2 50. Rf4 e5 51. dxe5 dxe5 0-1

[Event "18e open International de Saint Affrique"]
[Site "Saint Affrique"]
[Date "2010.07.25"]
[Round "2.7"]
[White "Roubaud, Alexandre"]
[Black "Colin, Vincent"]
[Result "0-1"]
[WhiteElo "2046"]
[BlackElo "2425"]
[PlyCount "106"]
[EventDate "2010.??.??"]

1. e4 e5 2. Nf3 Nc6 3. d4 exd4 4. Nxd4 Nf6 5. Nxc6 bxc6 6. e5 Qe7 7. Qe2 Nd5 8.
c4 Ba6 9. Qe4 Nb6 10. Nc3 Qe6 11. b3 d5 12. exd6 Qxe4+ 13. Nxe4 cxd6 14. Ba3 d5
15. Bxf8 Kxf8 16. Nd6 Ke7 17. c5 Bxf1 18. Rxf1 Nd7 19. Rc1 g6 20. Kd1 Nxc5 21.
Nxf7 Kxf7 22. Rxc5 Rac8 23. Re1 Rhe8 24. Rxe8 Kxe8 25. Kd2 Kd7 26. b4 Kd6 27.
a3 g5 28. f3 h5 29. h3 Re8 30. Ra5 Re7 31. Ra6 Ke5 32. Rxc6 Kf4 33. Rf6+ Kg3
34. Rf5 Rg7 35. Rxd5 Kxg2 36. Ke2 h4 37. Rd4 Re7+ 38. Re4 Rxe4+ 39. fxe4 g4 40.
e5 gxh3 41. e6 h2 42. e7 h1=Q 43. e8=Q Qf1+ 44. Kd2 Qf2+ 45. Kc1 h3 46. Qg6+
Qg3 47. Qe4+ Kg1 48. Qd4+ Qf2 49. Qg4+ Qg2 50. Qd4+ Kh1 51. Qh4 h2 52. Kd1 Qf3+
53. Ke1 Kg2 0-1

[Event "18e open International de Saint Affrique"]
[Site "Saint Affrique"]
[Date "2010.07.25"]
[Round "2.8"]
[White "Bedouin, Xavier"]
[Black "Bassier, Jerome"]
[Result "1-0"]
[WhiteElo "2403"]
[BlackElo "2044"]
[PlyCount "59"]
[EventDate "2010.??.??"]

1. e4 e5 2. Nf3 Nc6 3. d4 exd4 4. Nxd4 Bc5 5. Nxc6 Qf6 6. Qf3 dxc6 7. Qxf6 Nxf6
8. f3 Be6 9. Nd2 O-O-O 10. Bc4 Rhe8 11. Bxe6+ Rxe6 12. Ke2 Nd5 13. Nb3 Bb6 14.
c4 a6 15. cxd5 cxd5 16. Be3 dxe4 17. f4 f5 18. Rad1 Red6 19. Bxb6 Rxb6 20.
Rxd8+ Kxd8 21. Rd1+ Ke7 22. Rd5 g6 23. Rc5 Kd6 24. Rc2 Rb4 25. Na5 c5 26. a3
Rb5 27. Nc4+ Ke6 28. Rc3 Kd5 29. Kd2 Kd4 30. b3 1-0

[Event "18e open International de Saint Affrique"]
[Site "Saint Affrique"]
[Date "2010.07.25"]
[Round "2.9"]
[White "Husson, Cybele"]
[Black "Lejarre, Ludovic"]
[Result "0-1"]
[WhiteElo "2040"]
[BlackElo "2385"]
[PlyCount "56"]
[EventDate "2010.??.??"]

1. e4 e5 2. Nf3 Nc6 3. Bc4 Nf6 4. d3 d5 5. exd5 Nxd5 6. Ng5 f6 7. Ne4 Be6 8.
O-O Be7 9. Bd2 Qd7 10. a4 O-O 11. Nbc3 Rad8 12. a5 Nxc3 13. Bxe6+ Qxe6 14. bxc3
f5 15. Ng3 e4 16. Bf4 g5 17. Bc1 Ne5 18. Qh5 exd3 19. cxd3 f4 20. Ne4 Rf5 21.
d4 g4 22. d5 Qxd5 23. Qxf5 Nf3+ 24. gxf3 Qxf5 25. Nd2 gxf3 26. Kh1 Kf7 27. Ra4
Bd6 28. Re1 Qh3 0-1

[Event "18e open International de Saint Affrique"]
[Site "Saint Affrique"]
[Date "2010.07.25"]
[Round "2.10"]
[White "Kukov, Velislav"]
[Black "Le Montagner, Yoann"]
[Result "1-0"]
[WhiteElo "2381"]
[BlackElo "2018"]
[PlyCount "97"]
[EventDate "2010.??.??"]

1. d4 d5 2. Bf4 Nf6 3. e3 e6 4. Nf3 Be7 5. h3 b6 6. Bd3 Bb7 7. Ne5 O-O 8. Nd2
c5 9. c3 Nbd7 10. Qe2 Rc8 11. O-O Nxe5 12. Bxe5 Nd7 13. Bh2 Bf6 14. Rad1 Qe7
15. e4 dxe4 16. Nxe4 Bxe4 17. Qxe4 g6 18. Ba6 Rce8 19. Bb5 Rd8 20. Bc7 Rc8 21.
Bg3 cxd4 22. cxd4 Nb8 23. a3 Rfd8 24. Rfe1 a6 25. Ba4 b5 26. Bb3 Nc6 27. d5
exd5 28. Qf4 Bg5 29. Qg4 h5 30. Qf3 Qf6 31. Bxd5 Qxf3 32. Bxf3 Nd4 33. Bb7 Rc2
34. Be5 Ne2+ 35. Kf1 Nc1 36. Rxd8+ Bxd8 37. Bc3 Kf8 38. Be4 Rxc3 39. bxc3 Na2
40. Bb7 Nxc3 41. Rc1 Bf6 42. Bxa6 Ke7 43. Re1+ Kd7 44. Re3 Kc7 45. Rf3 Be5 46.
Rxf7+ Kb6 47. Bc8 Nb1 48. a4 b4 49. Rb7+ 1-0

[Event "18e open International de Saint Affrique"]
[Site "Saint Affrique"]
[Date "2010.07.25"]
[Round "2.31"]
[White "Renaux, Osmin"]
[Black "Le Bailly, Baptiste"]
[Result "1-0"]
[WhiteElo "1931"]
[BlackElo "2147"]
[PlyCount "51"]
[EventDate "2010.??.??"]

1. d4 d5 2. Nf3 e6 3. c4 c6 4. e3 Nf6 5. b3 Nbd7 6. Bd3 Be7 7. Nbd2 O-O 8. Bb2
Re8 9. O-O Bf8 10. Ne5 Nxe5 11. dxe5 Nd7 12. cxd5 exd5 13. f4 f6 14. Qh5 g6 15.
Bxg6 hxg6 16. Qxg6+ Bg7 17. exf6 Nxf6 18. Bxf6 Qxf6 19. Qxe8+ Qf8 20. Qxf8+
Kxf8 21. Rad1 Bg4 22. Nf3 Re8 23. h3 Bf5 24. Kf2 Bc3 25. g4 Be4 26. Ng5 1-0

[Event "18e open International de Saint Affrique"]
[Site "Saint Affrique"]
[Date "2010.07.25"]
[Round "2.33"]
[White "Grignon, Maxime"]
[Black "Cherki, Thomas"]
[Result "1-0"]
[WhiteElo "1920"]
[BlackElo "2135"]
[PlyCount "75"]
[EventDate "2010.??.??"]

1. d4 Nf6 2. c4 e6 3. g3 Bb4+ 4. Bd2 a5 5. Bg2 O-O 6. Nf3 Bxd2+ 7. Qxd2 d6 8.
Nc3 Nbd7 9. O-O e5 10. e4 Re8 11. Rfe1 exd4 12. Nxd4 Nc5 13. Rad1 a4 14. Qc2
Qe7 15. b4 axb3 16. axb3 Bg4 17. f3 Bd7 18. Ncb5 Bxb5 19. cxb5 Ra3 20. b4 Ne6
21. Nf5 Qf8 22. b6 g6 23. Qb2 gxf5 24. Qxa3 fxe4 25. fxe4 cxb6 26. Qd3 Qh6 27.
h3 Ng5 28. e5 dxe5 29. Qf5 e4 30. h4 Ne6 31. Bxe4 Ra8 32. Rd3 Ra4 33. Rf3 Kg7
34. Ref1 Rxb4 35. Bxb7 Ng4 36. Qxf7+ Kh8 37. Qe8+ Kg7 38. Rf7+ 1-0

[Event "18e open International de Saint Affrique"]
[Site "Saint Affrique"]
[Date "2010.07.25"]
[Round "2.40"]
[White "Prost, Frederic"]
[Black "Froment, Theophile"]
[Result "0-1"]
[WhiteElo "2122"]
[BlackElo "1852"]
[PlyCount "86"]
[EventDate "2010.??.??"]

1. d4 Nf6 2. c4 g6 3. Nc3 Bg7 4. e4 d6 5. Be2 O-O 6. Bg5 h6 7. Be3 e5 8. d5 a5
9. h4 h5 10. Qd2 Ng4 11. Bxg4 Bxg4 12. f3 Bd7 13. O-O-O Qe7 14. Nh3 Na6 15. Nf2
Kh7 16. g4 Rg8 17. Rdg1 Bf6 18. Bg5 Nc5 19. Ne2 c6 20. Ng3 cxd5 21. cxd5 Rac8
22. Kb1 hxg4 23. Nxg4 Bxg4 24. fxg4 Bxg5 25. hxg5+ Kg7 26. Rh7+ Kf8 27. Rgh1
Ke8 28. Rf1 Rc7 29. Qxa5 Rf8 30. Rf6 Qd7 31. Rh4 Ke7 32. a3 Nd3 33. Qb6 Rc1+
34. Ka2 Rc2 35. Rf3 Rxb2+ {0-1 Anthoine-Milhomme,J-Laplanche,D/Saint Affrique 0
} 36. Qxb2 Nxb2 37. Kxb2 Qa4 38. Rh2 Rc8 39. Rhf2 Qd4+ 40. Kb1 Qd1+ 41. Kb2
Qc1+ 42. Kb3 Qb1+ 43. Rb2 Qd1+ 0-1

[Event "18e open International de Saint Affrique"]
[Site "Saint Affrique"]
[Date "2010.07.26"]
[Round "3.1"]
[White "Saez, Frederic"]
[Black "Degraeve, Jean-Marc"]
[Result "0-1"]
[WhiteElo "2227"]
[BlackElo "2569"]
[PlyCount "80"]
[EventDate "2010.??.??"]

1. e4 Nf6 2. e5 Nd5 3. d4 d6 4. c4 Nb6 5. exd6 exd6 6. Be3 Be7 7. Nc3 O-O 8.
Be2 Bg5 9. Nf3 Bxe3 10. fxe3 Re8 11. e4 Bg4 12. O-O c5 13. d5 N8d7 14. Qd2 a6
15. Qf4 Bxf3 16. gxf3 Qf6 17. Qxf6 Nxf6 18. Rae1 Nbd7 19. a4 Ne5 20. f4 Ng6 21.
Bd1 Re7 22. Rf2 Rae8 23. Bc2 Ng4 24. Rff1 Nf6 25. Rf2 h5 26. b3 b6 27. Bb1 Nh4
28. Ref1 Ng4 29. Rd2 {#} 29... f5 30. e5 dxe5 31. d6 Rd7 32. fxe5 Rxe5 33. Nd5
Rxd6 34. Ne7+ Rxe7 35. Rxd6 Re2 36. Rd5 Kf7 37. Bxf5 Rg2+ 38. Kh1 Nf2+ 39. Rxf2
Rxf2 40. Bh3 Rf3 0-1